Statistics for Leading Countries based on Twitter Users

Click here to take the quiz!

General Stats

  • This quiz has been taken 13 times
  • The average score is 16 of 20

Answer Stats

Twitter Users*Country% Correct
14.1Germany
100%
95.4United States
100%
10.4Canada
92%
7.25China
92%
67.45Japan
92%
17.2Mexico
92%
10.85Spain
92%
23.15United Kingdom
92%
13.7France
85%
27.25India
85%
24Indonesia
85%
7.55Argentina
77%
24.3Brazil
77%
9.8South Korea
77%
5.8Egypt
69%
11.8Philippines
62%
14.6Thailand
62%
18.55Turkey
62%
7.55Netherlands
38%
15.5Saudi Arabia
31%

Score Distribution

Percentile by Number Answered

Percent of People with Each Score

Your Score History

You have not taken this quiz